MDQL
is popping MORE tags! Check the
thread
!
Quizzes
Events
Quiz Creation
Community
Videos
Private Events
Remove Ads
Sign In
Join for FREE
Feedback
Dark Mode
Quiz Categories
Sports
Geography
Music
Movies
Television
Just For Fun
Miscellaneous
History
Literature
Language
Science
Gaming
Entertainment
Religion
Holiday
For Kids
Quiz Lab
Recent
Popular Today
Quiz Kudos Today
Editor Picks
Curator Picks
Quizzes by...
Day
Popularity
Type
Ratings
Length
Year
Community
Subscriptions
Recent Discussions
Orange Saloon
Badges
Playlists
Quests
Create
Leaderboards
Showdown
Live 5
Trivia Bingo
Activity
Puzzle Library
Sporcle Events
Private Events
Virtual Trivia
Globe League
Become a Host
Pub Owners
SporcleCon
Opinionation
Our Games
Videos
Blog
Mobile Apps
Partnerships
Remove Ads and Go Orange
Feedback
Gaming
Video Games
Board Games
Card Games
Pokémon
Mario
Nintendo
Minecraft
Console
Toys
Legend of Zelda
Gaming
Video Games
Board Games
Card Games
Pokémon
Mario
Nintendo
Minecraft
Console
Toys
Legend of Zelda
Random Quiz
Search Sporcle
×
Quiz Lab
Quiz Lab
Gaming
Video Games
Type in answers that appear in a list
Type in answers that appear in a list
Classic
Best Score? Go Orange.
Countries visited in Hitman series Stats
Can you name the countries visited in the Hitman series?
By
GPS94
3m
37 Questions
601 Plays
601 Plays
601 Plays
Comments
Comments
Give Quiz Kudos
Give Quiz Kudos
-
- Ratings
hide this ad
Replay
Link that replays current quiz
Next Quiz
Link to next quiz in quiz playlist
You Got
0%
They Got
Avg Score
66%
Avg Friend Score
Upgrade to see
Score Distribution
Jump to the score distribution portion of the page
Score
0/37
Timer
03:00
0
Plays Today
Game
% Correct
United States
99.5%
United States
99.5%
United States
99.4%
United States
99.2%
France
96%
France
95.8%
France
95.8%
Japan
95.7%
Japan
95%
Italy
94.7%
Italy
94.6%
Russia
86.2%
Russia
86.2%
United Kingdom
85.7%
Hong Kong
84%
Hong Kong
84%
India
83.6%
Colombia
77.9%
India
76%
Game
% Correct
Thailand
73.9%
Morocco
72%
New Zealand
69.5%
Colombia
67.5%
Romania
57%
Romania
57%
Australia
56.8%
Chile
53.5%
Cuba
50.5%
Netherlands
50.2%
Netherlands
50.2%
Austria
49%
Hungary
40.5%
Hungary
40.5%
Afghanistan
39.8%
Malaysia
37.7%
Singapore
33.6%
Montenegro
13.6%
Quiz Playlist
Details
Report
Send in Message
Add To Playlist
Classic:
Type in answers that appear in a list
Last Updated: Feb 16, 2017
Quiz Scoreboard
CHALLENGE
Sign Up to Join the Scoreboard
Show All
Scores
Hide
Comments
May contain spoilers
Recently Published
Holiday 10x10 Sorting Gallery
by lukepisani3
Holiday
15m
Two Season TV Shows II
by 123Four
Television
10m
Image Sorting: Flags VI
by Barbecue
Geography
2m
More to Explore
Quiz From the Vault
Featured Blog Post
14 Easter Pick-up Lines to Find Eggs With
hide this ad
You Might Also Like...
Tags
Country Quiz
Video Games Quiz
Hitman
Today's Top Quizzes in Gaming
Browse Gaming
hide this ad
Today's Top Quizzes in Video Games
Browse Video Games
Top Contributed Quizzes in Gaming
1
League of Legends Pro Players by Career/Team History
2
Destiny 2 exotic weapons by perk icons
3
Genshin Impact Logic Puzzle
4
Genshin Impact Logic Puzzle Quiz
5
Ultimate Genshin Impact Logic Puzzle (up to 4.3)
6
4x4 Decades: Video Games
7
Genshin murder mystery
8
Who's on the WWE 2K24 Cover?
9
Dead By Daylight Logic Puzzle
10
Image Sorting: Video Game Characters II
Explore More
Trending Topics
Anime
NBA
Marvel
Kpop
Harry Potter
Crossword
Disney
Country
Puzzle
NFL
WWE
The Office
Pokémon
Song
Soccer
hide this ad
More By:
GPS94
Quiz
Plays
Rating
Category
Featured
Created
The World's Largest Economies in 2050
3,619
3.97
Geography
Aug 21, 2010
2011 World Leaders
1,536
4.00
History
Jul 28, 2010
World Military Strength
1,046
4.19
History
Nov 21, 2011
Countries visited in Hitman series
601
3.75
Gaming
Jul 13, 2016
20th Century Dictators
472
3.14
History
Jul 24, 2010
Go to Creator's Profile
Score Distribution
Quiz Creator Spotlight
GPS94
Follow
Send a Message
Quizzes Created
-
Created Quiz Play Count
-
More By This Creator
Popular Quizzes Today
1
Find the US States - No Outlines Minefield
2
Colored Red Africa Blitz
3
Find the 'City' Movie
4
The Countries of the World
5
Find the US States
6
5x2 Blitz: Bands
7
Find the Countries of Europe - No Outlines Minefield
8
US States
More Gaming Quizzes
Fire Emblem: Three Houses Lost Items
Quiz Lab
Trending Quizzes
Colored Red Europe Blitz I
Colored Red Europe Blitz II
Colored Red Africa Blitz II
Colored Red Africa Blitz III
Colored Red Europe Blitz III
Recently Updated
Odd Team Out - Big 4 Players
pecheneg
Quick Pick: 20 Twenties
pecheneg
March Madness Men's Triple Doubles
pecheneg
How Do You Spell That?
pecheneg
Godzilla Movies
pecheneg
Grab Bag: 4-10 Letters
pecheneg
2024 March Madness Bracket
pecheneg
Famous TV Couples
Peacemaker
Champions League XIs: Real Madrid
pecheneg
Largest US Cities 1790-2010
pecheneg
Trending Topics
NBA
Kpop
Marvel
Anime
Harry Potter
Disney
Crossword
Puzzle
Pokémon
WWE
Soccer
The Office
NFL
Country
Song
Your Account Isn't Verified!
In order to create a playlist on Sporcle, you need to verify the email address you used during registration. Go to your
Sporcle Settings
to finish the process.
Report this User
Report this user for behavior that violates our
Community Guidelines
.
Details:
Send Report
Go to the Sporcle.com Mobile Site →
Comments